000 00388nam a2200169Ia 4500
001 18545
003 IN-NITTTR
005 20251114233215.0
008 251113s9999||||xx |||||||||||||| ||eng||
040 _beng
040 _cIN-NITTTR
041 _aeng
082 _a923.25491 B47D
100 _aBhutto, Benazir
245 0 _aDaughter of the east. /
_cBhutto, Benazir
942 _2ddc
_cBK
999 _c21179
_d21179